000 00493cam a2200193ua 4500
001 8050
008 150105n ii |||gr||||Z||||||hin
040 _cMAIN
041 _ahin
082 _a891.43
100 _aGupta, G.,
_eAuthor.
245 1 _aHindi sahitya ka boignanik itihas
_cBy Ganpatichandra Gupta
250 _a1st.
260 _aIlahabad:
_bLokbharati,
_c2001.
300 _a504p.
653 _aEast Indo-European & Celtic literatures
653 _aHindi literature
942 _cBK
999 _c7167
_d7167